000 00283nam a22001337a 4500
082 _a823
_bPAI/T
100 _aPAI, ANANT
245 _aTINKLE DIGEST
260 _aMUMBAI
300 _a96
520 _aENGLISH SHORT STORIES
650 _aENGLISH SHORT STORIES
_zMUMBAI
942 _cBK
999 _c5182
_d5182